Principios de Hacienda Pública: Teoría de los Impuestos
Saved in:
| Hovedforfatter: | |
|---|---|
| Andre forfattere: | |
| Format: | Ukendt |
| Sprog: | engelsk spansk |
| Udgivet: |
Madrid, España
Delta Publicaciones Universitarias
2013
|
| Udgivelse: | Primera edición |
| Fag: | |
| Tags: |
Tilføj Tag
Ingen Tags, Vær først til at tagge denne postø!
|
MARC
| LEADER | 00000 a2200000 4500 | ||
|---|---|---|---|
| 003 | CL-VaPUC | ||
| 005 | 20250505102432.0 | ||
| 008 | 200110b ||||| |||| 00| 0 eng d | ||
| 999 | |c 376136 |d 376134 | ||
| 020 | |a 9788415581161 | ||
| 040 | |c Pontificia Universidad Católica de Valparaíso | ||
| 041 | 0 | |a spa | |
| 082 | |a 351.05 DEL 2013 | ||
| 100 | 1 | |a Delgado Rivero, Francisco J. |9 605043 | |
| 245 | 1 | 0 | |a Principios de Hacienda Pública: |b Teoría de los Impuestos |
| 250 | |a Primera edición | ||
| 260 | 3 | |b Delta Publicaciones Universitarias |c 2013 |a Madrid, España | |
| 300 | |a 280 p | ||
| 583 | |k Hugo Gaete |c 20200110 | ||
| 650 | 0 | 0 | |a Hacienda pública |9 258673 |
| 650 | 0 | 0 | |a Impuestos |9 255450 |
| 700 | 1 | |a Muñiz Pérez, Manuel A. |9 605699 | |
| 942 | |2 ddc |c BK | ||
| 952 | |0 0 |1 0 |2 ddc |4 0 |6 351_050000000000000_DEL_2013 |7 0 |9 495303 |a BIBDER |b BIBDER |d 2020-01-02 |e 36 |g 15394.00 |i 5568803 |o 351.05 DEL 2013 |p 5568803 |r 2023-01-25 |t 1 |v 15394.00 |w 2020-01-02 |y BK |k DER | ||